000 00536nam a2200217Ia 4500
003 OSt
005 20220928144021.0
006 a|||||r|||| 00| 0
007 ta
008 220927b |||||||| |||| 00| 0 eng d
024 _a23550
037 _cTextual
040 _aSDCL
_cSDCL
_beng
041 _2eng
_aeng
082 _aO152,1N22x, L5
100 _aVerma Luxmi Kant
_9506351
245 0 _aAadhunic kavi.
260 _c1975
942 _hO152,1N22x, L5
_cTEXL
_2CC
999 _c825495
_d825495